| 000 | 00441cam a2200157 a 4500 | ||
|---|---|---|---|
| 999 |
_c136 _d136 |
||
| 020 | _a0805330755 | ||
| 050 | 0 | 0 |
_aQD33.2 _b.Sa1 SAC |
| 100 | 1 | _aSackheim, George I. | |
| 245 | 1 | 0 |
_aIntroduction to chemistry for biology students / _cGeorge I. Sackheim. |
| 250 | _a7th ed. | ||
| 260 |
_aSan Francisco : _bBenjamin/Cummings, _cc2002. |
||
| 300 |
_aviii, 301 p. : _bill. ; _c24 cm. |
||
| 500 | _aIncludes index. | ||
| 650 | 0 | _aChemistry | |
| 942 | _cBK | ||